Selva y Andes : (Registro nro. 39360)
[ vista simple ]
| 000 -CABECERA | |
|---|---|
| campo de control de longitud fija | 00668nam a2200181 a 4500 |
| 001 - NÚMERO DE CONTROL | |
| campo de control | 000039870 |
| 005 - FECHA Y HORA DE LA ÚLTIMA TRANSACCIÓN | |
| campo de control | 20201002033800.0 |
| 008 - DATOS DE LONGITUD FIJA--INFORMACIÓN GENERAL | |
| campo de control de longitud fija | 130725s2001 sp b 000 0 spa d |
| 020 ## - NÚMERO INTERNACIONAL ESTÁNDAR DEL LIBRO | |
| Número Internacional Estándar del Libro | 8400079221 |
| 040 ## - FUENTE DE LA CATALOGACIÓN | |
| Centro catalogador/agencia de origen | DO-SdBNP |
| Lengua de catalogación | spa |
| Centro/agencia transcriptor | BNPHU |
| 082 ## - NÚMERO DE LA CLASIFICACIÓN DECIMAL DEWEY | |
| Número de clasificación | xxx |
| 100 1# - ENTRADA PRINCIPAL--NOMBRE DE PERSONA | |
| Nombre de persona | Sala I Vila, Núria |
| 9 (RLIN) | 66077 |
| 245 10 - MENCIÓN DE TÍTULO | |
| Título | Selva y Andes : |
| Resto del título | Ayacucho (1780-1929) historia de una región en la encrucijada / |
| Mención de responsabilidad, etc. | Núria Sala I Vila. |
| 260 ## - PUBLICACIÓN, DISTRIBUCIÓN, ETC. | |
| Lugar de publicación, distribución, etc. | Madrid : |
| Nombre del editor, distribuidor, etc. | Consejo Superior de Investigación Científicas |
| -- | Instituto de Historia, |
| Fecha de publicación, distribución, etc. | 2001. |
| 300 ## - DESCRIPCIÓN FÍSICA | |
| Extensión | 260 p. : |
| Otras características físicas | map. ; |
| Dimensiones | 24 cm. |
| 490 1# - MENCIÓN DE SERIE | |
| Mención de serie | Biblioteca de historia de América |
| Designación de volumen o secuencia | 22 |
| 830 #0 - PUNTO DE ACCESO ADICIONAL DE SERIE-TÍTULO UNIFORME | |
| Título uniforme | Biblioteca de historia de América |
| Designación de volumen o secuencia | 22 |
| 9 (RLIN) | 66078 |
| Estado de retiro | Estado de pérdida | Restricciones de uso | No para préstamo | Código de colección | Localización permanente | Ubicación/localización actual | Ubicación en estantería | Fecha de adquisición | Número de inventario | Total de préstamos | Signatura topográfica completa | Código de barras | Fecha visto por última vez | Precio válido a partir de | Tipo de ítem Koha |
|---|---|---|---|---|---|---|---|---|---|---|---|---|---|---|---|
| Excluido de préstamo | Monografías: Libros y Folletos | General | General | En catalogación | 25.07.2013 | LF1 | xxx | 39870-10 | 25.06.2020 | 25.06.2020 | No se presta |
